{"text_format":"3","workbook":"xlsx","n_sheets":1,"sheets":["t619"],"read":"whole","date_system":"1900"}

{"sheet":"t619","index":0,"n_rows":155,"n_cols":7,"rows_kept":155,"merged":[[0,0,0,6],[30,0,30,5],[42,0,42,5],[136,0,136,5]]}
["TABELA 619.1 - Estatísticas Agrícolas, Município de Uru, Estado de São Paulo, 2007/08."]
["ITEM","UNIDADE","N.DE UPAs","MÍNIMO","MÉDIO","MÁXIMO","TOTAL"]
["Distância à sede do município","km",135,0.1,7.6,{"v":50,"d":"50.0"},"-"]
["Área total","hectare",135,2.4,{"v":93.56,"d":"93.6"},786.5,{"v":12630,"d":"12,630.0"}]
["Área com cultura perene","hectare",44,0.6,{"v":31.78,"d":"31.8"},665.3,{"v":1398.4,"d":"1,398.4"}]
["Área com cultura temporária","hectare",56,0.5,{"v":35.61,"d":"35.6"},296.6,{"v":1994,"d":"1,994.0"}]
["Área com pastagem","hectare",124,0.5,{"v":65.26,"d":"65.3"},734.4,{"v":8091.9,"d":"8,091.9"}]
["Área com reflorestamento","hectare",35,0.3,{"v":3.87,"d":"3.9"},{"v":51,"d":"51.0"},135.3]
["Área com vegetação natural","hectare",58,0.1,{"v":4.81,"d":"4.8"},37.2,279.2]
["Área com vegetação de brejo e várzea","hectare",95,0.2,{"v":4.28,"d":"4.3"},{"v":30,"d":"30.0"},406.4]
["Área em descanso","hectare",1,135.2,135.2,135.2,135.2]
["Área complementar","hectare",112,0.1,{"v":1.69,"d":"1.7"},{"v":12,"d":"12.0"},189.6]
["Área das UPAs com (0, 1] ha","hectare","-","-","-","-","-"]
["Área das UPAs com (1, 2] ha","hectare","-","-","-","-","-"]
["Área das UPAs com (2, 5] ha","hectare",5,2.4,{"v":3.56,"d":"3.6"},4.8,17.8]
["Área das UPAs com (5, 10] ha","hectare",14,5.4,{"v":8.16,"d":"8.2"},9.9,114.2]
["Área das UPAs com (10, 20] ha","hectare",24,10.4,{"v":15.98,"d":"16.0"},{"v":20,"d":"20.0"},383.4]
["Área das UPAs com (20, 50] ha","hectare",36,20.4,{"v":31.96,"d":"32.0"},48.4,{"v":1150.7,"d":"1,150.7"}]
["Área das UPAs com (50, 100] ha","hectare",19,50.8,{"v":65.69,"d":"65.7"},{"v":97,"d":"97.0"},{"v":1248.1,"d":"1,248.1"}]
["Área das UPAs com (100, 200] ha","hectare",20,100.7,{"v":136.86,"d":"136.9"},191.7,{"v":2737.2,"d":"2,737.2"}]
["Área das UPAs com (200, 500] ha","hectare",15,266.2,{"v":366.83,"d":"366.8"},488.9,{"v":5502.4,"d":"5,502.4"}]
["Área das UPAs com (500, 1.000] ha","hectare",2,689.7,738.1,786.5,{"v":1476.2,"d":"1,476.2"}]
["Área das UPAs com (1.000, 2.000] ha","hectare","-","-","-","-","-"]
["Área das UPAs com (2.000, 5.000] ha","hectare","-","-","-","-","-"]
["Área das UPAs com (5.000, 10.000] ha","hectare","-","-","-","-","-"]
["Área das UPAs acima de 10.000 ha","hectare","-","-","-","-","-"]
["Familiares do proprietário que trabalham na UPA","unidade",74,{"v":1,"d":"1.0"},{"v":1.53,"d":"1.5"},{"v":4,"d":"4.0"},{"v":113,"d":"113.0"}]
["Trabalhadores permanentes","unidade",46,{"v":1,"d":"1.0"},{"v":1.28,"d":"1.3"},{"v":4,"d":"4.0"},{"v":59,"d":"59.0"}]
["Fonte: Secretaria de Agricultura e Abastecimento, CDRS/IEA, Projeto LUPA."]
[]
["TABELA 619.2 - Explorações Animais, Município de Uru, Estado de São Paulo, 2007/08."]
["ITEM","UNIDADE","N.DE UPAs","MÍNIMO","MÉDIO","MÁXIMO","TOTAL"]
["Asininos E Muares","cabeças",2,{"v":1,"d":"1.0"},{"v":1,"d":"1.0"},{"v":1,"d":"1.0"},{"v":2,"d":"2.0"}]
["Bovinocultura de Corte","cabeças",54,{"v":20,"d":"20.0"},{"v":156.76,"d":"156.8"},{"v":1300,"d":"1,300.0"},{"v":8465,"d":"8,465.0"}]
["Bovinocultura Leiteira","cabeças",14,{"v":2,"d":"2.0"},{"v":23.21,"d":"23.2"},{"v":50,"d":"50.0"},{"v":325,"d":"325.0"}]
["Bovinocultura Mista","cabeças",41,{"v":3,"d":"3.0"},{"v":29.51,"d":"29.5"},{"v":101,"d":"101.0"},{"v":1210,"d":"1,210.0"}]
["Bubalinocultura","cabeças",2,{"v":6,"d":"6.0"},{"v":9,"d":"9.0"},{"v":12,"d":"12.0"},{"v":18,"d":"18.0"}]
["Equinocultura","cabeças",55,{"v":1,"d":"1.0"},{"v":3.38,"d":"3.4"},{"v":30,"d":"30.0"},{"v":186,"d":"186.0"}]
["Ovinocultura","cabeças",3,{"v":12,"d":"12.0"},{"v":15.67,"d":"15.7"},{"v":20,"d":"20.0"},{"v":47,"d":"47.0"}]
["Suinocultura","cabeças",4,{"v":5,"d":"5.0"},{"v":16,"d":"16.0"},{"v":32,"d":"32.0"},{"v":64,"d":"64.0"}]
["Fonte: Secretaria de Agricultura e Abastecimento, CDRS/IEA, Projeto LUPA."]
[]
["TABELA 619.3 -  Máquinas, Implementos e Benfeitorias, Município de Uru, Estado de São Paulo, 2007/08."]
["ITEM","UNIDADE","N.DE UPAs","MÍNIMO","MÉDIO","MÁXIMO","TOTAL"]
["Arado Comum (Bacia, Aiveca)","Unidade",43,{"v":1,"d":"1.0"},{"v":1.16,"d":"1.2"},{"v":3,"d":"3.0"},{"v":50,"d":"50.0"}]
["Arado Escarificador","Unidade",5,{"v":1,"d":"1.0"},1.8,{"v":3,"d":"3.0"},{"v":9,"d":"9.0"}]
["Arado Subsolador","Unidade",2,{"v":1,"d":"1.0"},{"v":1,"d":"1.0"},{"v":1,"d":"1.0"},{"v":2,"d":"2.0"}]
["Batedeira de Cereais","Unidade",3,{"v":1,"d":"1.0"},{"v":1,"d":"1.0"},{"v":1,"d":"1.0"},{"v":3,"d":"3.0"}]
["Conj.Irrigação Convencional","Unidade",5,{"v":1,"d":"1.0"},{"v":1,"d":"1.0"},{"v":1,"d":"1.0"},{"v":5,"d":"5.0"}]
["Conj.Irrigação/Gotejamento/Microaspersão","Unidade",1,{"v":1,"d":"1.0"},{"v":1,"d":"1.0"},{"v":1,"d":"1.0"},{"v":1,"d":"1.0"}]
["Desintegrador, Picador, Triturador","Unidade",44,{"v":1,"d":"1.0"},{"v":1.07,"d":"1.1"},{"v":2,"d":"2.0"},{"v":47,"d":"47.0"}]
["Distribuidor de Calcário","Unidade",10,{"v":1,"d":"1.0"},1.2,{"v":2,"d":"2.0"},{"v":12,"d":"12.0"}]
["Ensiladeira","Unidade",4,{"v":1,"d":"1.0"},{"v":1.25,"d":"1.3"},{"v":2,"d":"2.0"},{"v":5,"d":"5.0"}]
["Grade Aradora (Tipo Romi)","Unidade",12,{"v":1,"d":"1.0"},{"v":1.33,"d":"1.3"},{"v":4,"d":"4.0"},{"v":16,"d":"16.0"}]
["Grade Niveladora","Unidade",36,{"v":1,"d":"1.0"},{"v":1.06,"d":"1.1"},{"v":2,"d":"2.0"},{"v":38,"d":"38.0"}]
["Implementos para Tração Animal","Unidade",5,{"v":1,"d":"1.0"},2.2,{"v":4,"d":"4.0"},{"v":11,"d":"11.0"}]
["Microtrator","Unidade",3,{"v":1,"d":"1.0"},{"v":1,"d":"1.0"},{"v":1,"d":"1.0"},{"v":3,"d":"3.0"}]
["Misturador de Ração","Unidade",4,{"v":1,"d":"1.0"},{"v":1.25,"d":"1.3"},{"v":2,"d":"2.0"},{"v":5,"d":"5.0"}]
["Ordenhadeira Mecânica","Unidade",1,{"v":1,"d":"1.0"},{"v":1,"d":"1.0"},{"v":1,"d":"1.0"},{"v":1,"d":"1.0"}]
["Pulverizador Tratorizado","Unidade",11,{"v":1,"d":"1.0"},{"v":1.73,"d":"1.7"},{"v":6,"d":"6.0"},{"v":19,"d":"19.0"}]
["Resfriador de Leite, Tanque Expansão","Unidade",3,{"v":1,"d":"1.0"},{"v":1,"d":"1.0"},{"v":1,"d":"1.0"},{"v":3,"d":"3.0"}]
["Roçadeira Costal","Unidade",2,{"v":1,"d":"1.0"},{"v":1,"d":"1.0"},{"v":1,"d":"1.0"},{"v":2,"d":"2.0"}]
["Roçadeira Tratorizada","Unidade",29,{"v":1,"d":"1.0"},{"v":1.28,"d":"1.3"},{"v":2,"d":"2.0"},{"v":37,"d":"37.0"}]
["Semeadeira/Adubadeira para Plantio Convencional","Unidade",10,{"v":1,"d":"1.0"},{"v":1,"d":"1.0"},{"v":1,"d":"1.0"},{"v":10,"d":"10.0"}]
["Semeadeira/Plantadeira Plantio Direto","Unidade",1,{"v":1,"d":"1.0"},{"v":1,"d":"1.0"},{"v":1,"d":"1.0"},{"v":1,"d":"1.0"}]
["Trator de Pneus","Unidade",58,{"v":1,"d":"1.0"},{"v":1.62,"d":"1.6"},{"v":9,"d":"9.0"},{"v":94,"d":"94.0"}]
["Açude/Represa","Unidade",54,{"v":1,"d":"1.0"},{"v":1.89,"d":"1.9"},{"v":6,"d":"6.0"},{"v":102,"d":"102.0"}]
["Almoxarifado/Oficina","Unidade",3,{"v":1,"d":"1.0"},{"v":1,"d":"1.0"},{"v":1,"d":"1.0"},{"v":3,"d":"3.0"}]
["Armazém para Grãos Ensacados","Sacas",1,{"v":1,"d":"1.0"},{"v":1,"d":"1.0"},{"v":1,"d":"1.0"},{"v":1,"d":"1.0"}]
["Balança para Bovinos","Unidade",2,{"v":1,"d":"1.0"},{"v":1,"d":"1.0"},{"v":1,"d":"1.0"},{"v":2,"d":"2.0"}]
["Barracão para Granja/Avicultura","Unidade",2,{"v":1,"d":"1.0"},{"v":1,"d":"1.0"},{"v":1,"d":"1.0"},{"v":2,"d":"2.0"}]
["Barracão/Galpão/Garagem","Unidade",62,{"v":1,"d":"1.0"},{"v":1.42,"d":"1.4"},{"v":4,"d":"4.0"},{"v":88,"d":"88.0"}]
["Biodigestor","Unidade",1,{"v":1,"d":"1.0"},{"v":1,"d":"1.0"},{"v":1,"d":"1.0"},{"v":1,"d":"1.0"}]
["Casa de Moradia Habitada","Unidade",84,{"v":1,"d":"1.0"},{"v":1.48,"d":"1.5"},{"v":5,"d":"5.0"},{"v":124,"d":"124.0"}]
["Casa de Moradia Total","Unidade",101,{"v":1,"d":"1.0"},{"v":1.97,"d":"2.0"},{"v":10,"d":"10.0"},{"v":199,"d":"199.0"}]
["Curral/Mangueira","Unidade",83,{"v":1,"d":"1.0"},{"v":1.04,"d":"1.0"},{"v":2,"d":"2.0"},{"v":86,"d":"86.0"}]
["Depósito/Tulha","Unidade",77,{"v":1,"d":"1.0"},{"v":1.38,"d":"1.4"},{"v":3,"d":"3.0"},{"v":106,"d":"106.0"}]
["Estábulo","Unidade",1,{"v":1,"d":"1.0"},{"v":1,"d":"1.0"},{"v":1,"d":"1.0"},{"v":1,"d":"1.0"}]
["Máquina de Benefício","Unidade",2,{"v":1,"d":"1.0"},{"v":1,"d":"1.0"},{"v":1,"d":"1.0"},{"v":2,"d":"2.0"}]
["Packing House","Unidade",1,{"v":1,"d":"1.0"},{"v":1,"d":"1.0"},{"v":1,"d":"1.0"},{"v":1,"d":"1.0"}]
["Pocilga","Unidade",11,{"v":1,"d":"1.0"},{"v":1,"d":"1.0"},{"v":1,"d":"1.0"},{"v":11,"d":"11.0"}]
["Poço Semi-Artesiano","Unidade",28,{"v":1,"d":"1.0"},{"v":1.04,"d":"1.0"},{"v":2,"d":"2.0"},{"v":29,"d":"29.0"}]
["Secador de Grãos","Unidade",1,{"v":1,"d":"1.0"},{"v":1,"d":"1.0"},{"v":1,"d":"1.0"},{"v":1,"d":"1.0"}]
["Silo para Silagem","t",2,{"v":1,"d":"1.0"},75.5,{"v":150,"d":"150.0"},{"v":151,"d":"151.0"}]
["Terreiro","m²",45,{"v":10,"d":"10.0"},{"v":239.58,"d":"239.6"},{"v":800,"d":"800.0"},{"v":10781,"d":"10,781.0"}]
["Fonte: Secretaria de Agricultura e Abastecimento, CDRS/IEA, Projeto LUPA."]
[]
["TABELA 619.4 - Outras Estatísticas Agrícolas, Município de Uru, Estado de São Paulo, 2007/08."]
["ITEM","Número de UPAs",null,"Percentual"]
["Faz Parte de Associação de Produtores",31,null,{"v":22.962962962962962,"d":"23.0"}]
["Faz Parte de Cooperativa de Produtores",70,null,{"v":51.85185185185185,"d":"51.9"}]
["Faz Parte do Sindicato de Produtores","-",null,"-"]
["Não utiliza assistência técnica ",21,null,{"v":15.555555555555555,"d":"15.6"}]
["Utiliza somente assistência técnica governamental ",86,null,{"v":63.7037037037037,"d":"63.7"}]
["Utiliza somente assistência técnica privada ",12,null,{"v":8.88888888888889,"d":"8.9"}]
["Utiliza assistência técnica tanto governamental quanto privada",16,null,{"v":11.851851851851853,"d":"11.9"}]
["Utiliza Crédito Rural",13,null,{"v":9.62962962962963,"d":"9.6"}]
["Utiliza Seguro Rural","-",null,"-"]
["Utiliza Escrituração Agrícola",24,null,{"v":17.777777777777775,"d":"17.8"}]
["Acessa Internet p/ Fins na Agropecuária",4,null,{"v":2.9629629629629632,"d":"3.0"}]
["Utiliza Computador nas Atividades Agropecuárias",4,null,{"v":2.9629629629629632,"d":"3.0"}]
["Utiliza Energia Elétrica Para Uso na Atividade Agrícola",103,null,{"v":76.29629629629629,"d":"76.3"}]
["Realiza Análise de Solo, quando necessário",28,null,{"v":20.74074074074074,"d":"20.7"}]
["Utiliza Práticas de Conservação de Solo, quando necessário",110,null,{"v":81.48148148148147,"d":"81.5"}]
["Faz Adubação Mineral, quando necessário",73,null,{"v":54.074074074074076,"d":"54.1"}]
["Faz Adubação Orgânica, quando necessário",44,null,{"v":32.59259259259259,"d":"32.6"}]
["Faz Adubação Verde, quando necessário",2,null,{"v":1.4814814814814816,"d":"1.5"}]
["Utiliza Manejo Integrado de Pragas (MIP)","-",null,"-"]
["Utiliza Hidroponia","-",null,"-"]
["Utiliza Plasticultura","-",null,"-"]
["Utiliza Mudas Fiscalizadas",11,null,{"v":8.148148148148147,"d":"8.1"}]
["Utiliza Semente Melhorada",16,null,{"v":11.851851851851853,"d":"11.9"}]
["Faz Confinamento de Bovinos",2,null,{"v":1.4814814814814816,"d":"1.5"}]
["Utiliza Pastejo Intensivo",3,null,{"v":2.2222222222222223,"d":"2.2"}]
["Faz Inseminação Artificial",1,null,{"v":0.7407407407407408,"d":"0.7"}]
["Faz Mineralização do Rebanho",103,null,{"v":76.29629629629629,"d":"76.3"}]
["Faz Vermifugação do Rebanho",102,null,{"v":75.55555555555556,"d":"75.6"}]
["Possui Parceiros /Arrendatários na Exploração Animal",18,null,{"v":13.333333333333334,"d":"13.3"}]
["Esporte e lazer",1,null,{"v":0.7407407407407408,"d":"0.7"}]
["Extração mineral","-",null,"-"]
["Hotel Fazenda, Pousada ou SPA","-",null,"-"]
["Pesque-pague","-",null,"-"]
["Restaurante ou Lanchonete",1,null,{"v":0.7407407407407408,"d":"0.7"}]
["Transformação artesanal","-",null,"-"]
["Turismo rural ou ecoturismo","-",null,"-"]
["Outras atividades econômicas rurais",1,null,{"v":0.7407407407407408,"d":"0.7"}]
["Agroindústria",1,null,{"v":0.7407407407407408,"d":"0.7"}]
["Proprietário sem instrução ou com instrução incompleta",8,null,{"v":5.9259259259259265,"d":"5.9"}]
["Proprietário com antigo primário completo",49,null,{"v":36.2962962962963,"d":"36.3"}]
["Proprietário com 1° grau (ou antigo ginasial) completo",23,null,{"v":17.037037037037035,"d":"17.0"}]
["Proprietário com 2° grau (ou antigo colegial) completo",23,null,{"v":17.037037037037035,"d":"17.0"}]
["Proprietário com curso superior completo ",31,null,{"v":22.962962962962962,"d":"23.0"}]
["Pessoa Jurídica",1,null,{"v":0.7407407407407408,"d":"0.7"}]
["Proprietário residente na própria UPA ",40,null,{"v":29.62962962962963,"d":"29.6"}]
["Fonte: Secretaria de Agricultura e Abastecimento, CDRS/IEA, Projeto LUPA."]
[]
["TABELA 619.5 - Área Cultivada, Município de Uru, Estado de São Paulo, 2007/08."]
["CULTURA","N.DE UPAs","MÍNIMO","MÉDIO","MÁXIMO","TOTAL"]
["Braquiaria",118,0.5,{"v":63.69,"d":"63.7"},714.4,{"v":7515,"d":"7,515.0"}]
["Cana-de-acucar",46,0.5,{"v":36.54,"d":"36.5"},296.6,{"v":1680.9,"d":"1,680.9"}]
["Laranja",12,0.7,{"v":95.25,"d":"95.3"},665.3,{"v":1143,"d":"1,143.0"}]
["Gramas",69,0.5,{"v":7.93,"d":"7.9"},{"v":40,"d":"40.0"},547.5]
["Milho",11,{"v":1,"d":"1.0"},{"v":23.15,"d":"23.2"},118.1,254.6]
["Eucalipto",35,0.3,{"v":3.87,"d":"3.9"},{"v":51,"d":"51.0"},135.3]
["Cafe",31,0.3,{"v":4.19,"d":"4.2"},{"v":18,"d":"18.0"},129.9]
["Seringueira",2,39.3,{"v":54.65,"d":"54.7"},{"v":70,"d":"70.0"},109.3]
["Mandioca",2,15.7,{"v":24.35,"d":"24.4"},{"v":33,"d":"33.0"},48.7]
["Coloniao",6,{"v":1,"d":"1.0"},{"v":4.63,"d":"4.6"},{"v":22,"d":"22.0"},27.8]
["Banana",1,12.1,12.1,12.1,12.1]
["Maracuja",4,{"v":1,"d":"1.0"},{"v":2.45,"d":"2.5"},{"v":4,"d":"4.0"},9.8]
["Limao",2,0.5,{"v":1.25,"d":"1.3"},{"v":2,"d":"2.0"},2.5]
["Capim-napier (ou capim-elefante)",2,0.6,0.8,{"v":1,"d":"1.0"},1.6]
["Pomar domestico",1,{"v":1,"d":"1.0"},{"v":1,"d":"1.0"},{"v":1,"d":"1.0"},{"v":1,"d":"1.0"}]
["Coco-da-baia",1,0.6,0.6,0.6,0.6]
["Fonte: Secretaria de Agricultura e Abastecimento, CDRS/IEA, Projeto LUPA."]